| 000 | 00423cam a2200169 4500 | ||
|---|---|---|---|
| 001 | D1010 | ||
| 008 | 090401t1981 xxu||||| |||| 00| 0 eng d | ||
| 035 | _a(Sirsi) u62210 | ||
| 041 | _aeng | ||
| 050 | _a728 | ||
| 245 | _aArchitectural Services book of house plans | ||
| 260 |
_aRedhill _bArchitectural Services Planning Partners _c1981 |
||
| 300 | _a208p. ill. 28cm | ||
| 350 | _a4 | ||
| 942 | _n0 | ||
| 948 | _c04/03/1997 | ||
| 999 |
_c94381 _d94381 |
||